Preparing expository sermons : (Record no. 53329)
[ view plain ]
| 000 -LEADER | |
|---|---|
| fixed length control field | 01765cam a2200277 a 4500 |
| 001 - CONTROL NUMBER | |
| control field | 12441373 |
| 005 - DATE AND TIME OF LATEST TRANSACTION | |
| control field | 20241024165255.0 |
| 008 - FIXED-LENGTH DATA ELEMENTS--GENERAL INFORMATION | |
| fixed length control field | 010614s2001 miua b 001 0 eng |
| 010 ## - LIBRARY OF CONGRESS CONTROL NUMBER | |
| LC control number | 2001037637 |
| 020 ## - INTERNATIONAL STANDARD BOOK NUMBER | |
| International Standard Book Number | 0801091195 (pbk.) |
| 040 ## - CATALOGING SOURCE | |
| Original cataloging agency | DLC |
| Transcribing agency | DLC |
| Modifying agency | DLC |
| 100 1# - MAIN ENTRY--PERSONAL NAME | |
| Personal name | Richard, Ramesh, |
| Dates associated with a name | 1953- |
| 245 10 - TITLE STATEMENT | |
| Title | Preparing expository sermons : |
| Remainder of title | a seven-step method for biblical preaching / |
| Statement of responsibility, etc | Ramesh Richard. |
| 260 ## - PUBLICATION, DISTRIBUTION, ETC. (IMPRINT) | |
| Place of publication, distribution, etc | Grand Rapids, Mich. : |
| Name of publisher, distributor, etc | Baker Books, |
| Date of publication, distribution, etc | c2001. |
| 300 ## - PHYSICAL DESCRIPTION | |
| Extent | 217 p. : |
| Other physical details | ill. ; |
| Dimensions | 23 cm. |
| 336 ## - CONTENT TYPE | |
| Content Type Term | text |
| 337 ## - MEDIA TYPE | |
| Media Type Term | unmediated |
| 338 ## - CARRIER TYPE | |
| Carrier Type Term | volume |
| 500 ## - GENERAL NOTE | |
| General note | Rev. ed. of: Scripture sculpture. c1995. |
| 504 ## - BIBLIOGRAPHY, ETC. NOTE | |
| Bibliography, etc | Includes bibliographical references (p. 213-215) and index. |
| 505 0# - FORMATTED CONTENTS NOTE | |
| Formatted contents note | Study the text: the "flesh of the text"<br/>Structure the text: the "skeleton" of the text<br/>The central proposition of the text: the "heart" of the text<br/>The purpose bridge: the "brain" of the text<br/>The central proposition of the sermon: the "heart" of the sermon<br/>Structure the sermon: the "skeleton" of the sermon<br/>Preach the sermon: the "flesh" of the sermon<br/>Appendices. The Holy Spirit and your pulpit effectiveness<br/>The benefits of the original language for preachers<br/>Choosing a text for your sermon<br/>Introductory notes on grammar<br/>The perils of principilization<br/>Hermeneutical analysis and homiletical application of narrative texts<br/>Central propositions : an advanced procedure<br/>Understanding your audience : exegeting culture<br/>The elements of a competent sermon outline<br/>A sample sermon introduction<br/>Forms of sermon introduction<br/>Sermon evaluation questionnaire<br/>Topical exposition |
| 630 00 - SUBJECT ADDED ENTRY--UNIFORM TITLE | |
| Uniform title | Bible |
| General subdivision | Homiletical use. |
| 650 #0 - SUBJECT ADDED ENTRY--TOPICAL TERM | |
| Topical term or geographic name as entry element | Preaching. |
| 700 1# - ADDED ENTRY--PERSONAL NAME | |
| Personal name | Richard, Ramesh, |
| Dates associated with a name | 1953- |
| Title of a work | Scripture sculpture. |
| 942 ## - ADDED ENTRY ELEMENTS (KOHA) | |
| Source of classification or shelving scheme | Library of Congress Classification |
| Item type | Books |
| Withdrawn status | Lost status | Source of classification or shelving scheme | Damaged status | Not for loan | Home library | Current library | Shelving location | Date acquired | Inventory number | Total Checkouts | Full call number | Barcode | Date last seen | Price effective from | Koha item type |
|---|---|---|---|---|---|---|---|---|---|---|---|---|---|---|---|
| Library of Congress Classification | BSOP Library | BSOP Library | Reference | 10/24/2024 | 49931 | BV4211.2 R37 2001 | 00058752 | 10/24/2024 | 10/24/2024 | Books |
